000 nam a22 7a 4500
999 _c8954
_d8954
008 180122b ||||| |||| 00| 0 eng d
100 _aChhibber.S.N.etal.
_92057
245 _aMathematics
260 _aNew Delhi
_bArya Book
_c2008